000 00578cam a2200205ua 4500
020 _a0 07 100615 X
041 _aeng
_h
082 _a004.16076
_bTOK/TH
100 _aTokheim, Roger L .
245 _aTheory and problems of micro processor fundamentals /
_cRoger L Tokheim.
_hTextual Documents
250 _a2 /
_b.
260 _aNew York :
_bMcGraw Hill Book Company ,
_c1990.
300 _a469 ; .
440 0 _aSchaum`s outline series,
_v
_x;
490 0 _aSchaum`s outline series,
_v
_x;
500 _a*CSS
504 _a
942 _cBK
999 _c10919
_d10919